| 000 | 01624nam0a2200301 i 4500 | ||
|---|---|---|---|
| 001 | RU\NLR\bibl\1916133 | ||
| 005 | 20241103110040.0 | ||
| 010 |
_a9785959004385 _9100 |
||
| 021 |
_aRU _b2012-38846 _92881 |
||
| 035 | _a(NLR Aleph) 001905625 | ||
| 090 |
_a3106739 _c3106739 |
||
| 100 | _a20120620d2011 u y0rusy50 ca | ||
| 101 | 0 | _arus | |
| 102 | _aRU | ||
| 105 | _aa ||||||||| | ||
| 200 | 1 |
_aКриминалистическое исследование запаховых следов _eучебное пособие _eдля студентов специальности 030501.65 "Юриспруденция" вузов региона _fС.Б. Гордеев _gФедерал. тамож. служба, Гос. казен. образоват. учреждение высш. проф. образования "Рос. тамож. акад.", Владивост. фил. |
|
| 210 |
_aВладивосток _cРИО Владивостокского филиала Российской таможенной академии _d2011 |
||
| 215 |
_a84,[1] с. _cил. _d21 |
||
| 320 | _aБиблиогр.: с. 80-85 (66 назв.) | ||
| 606 |
_aПахучие следы человека _jУчебные издания для высших учебных заведений _xКриминалистическая экспертиза _92319995 _3RU\NLR\auth\661387988 |
||
| 686 | _aХ629.413.9я73 | ||
| 700 | 1 |
_aГордеев _bС. Б. _gСергей Борисович _4070 |
|
| 801 | 0 |
_aRU _bNLR _c20120620 _gRCR |
|
| 801 | 1 |
_aRU _bNLR _c20120620 |
|
| 830 | _aавт. по кн. | ||
| 942 | _cBOOK | ||
| 980 | _aNBR | ||